Psychology for nurses and health professionals / (Record no. 20316)
[ view plain ]
| 000 -LEADER | |
|---|---|
| fixed length control field | 02780cam a22003495a 4500 |
| 001 - CONTROL NUMBER | |
| control field | 17761025 |
| 005 - DATE AND TIME OF LATEST TRANSACTION | |
| control field | 20201128021427.0 |
| 008 - FIXED-LENGTH DATA ELEMENTS--GENERAL INFORMATION | |
| fixed length control field | 130529t2014 flua frbd 001 0 eng d |
| 020 ## - INTERNATIONAL STANDARD BOOK NUMBER | |
| International Standard Book Number | 9781444179927 (paperback : alk. paper) |
| 020 ## - INTERNATIONAL STANDARD BOOK NUMBER | |
| International Standard Book Number | 1444179926 (paperback : alk. paper) |
| 040 ## - CATALOGING SOURCE | |
| Original cataloging agency | DNLM/DLC |
| Transcribing agency | DLC |
| Modifying agency | DLC |
| -- | EG-ScBUE |
| Language of cataloging | eng |
| 082 04 - DEWEY DECIMAL CLASSIFICATION NUMBER | |
| Classification number | 610.73 |
| Edition number | 22 |
| Item number | GRO |
| 100 1# - MAIN ENTRY--PERSONAL NAME | |
| Personal name | Gross, Richard D. |
| 9 (RLIN) | 39129 |
| 240 10 - UNIFORM TITLE | |
| Uniform title | <a href="Psychology for nurses and allied health professionals">Psychology for nurses and allied health professionals</a> |
| 245 10 - TITLE STATEMENT | |
| Title | Psychology for nurses and health professionals / |
| Statement of responsibility, etc | Richard Gross, Nancy Kinnison. |
| 250 ## - EDITION STATEMENT | |
| Edition statement | 2nd ed. |
| 260 ## - PUBLICATION, DISTRIBUTION, ETC. (IMPRINT) | |
| Place of publication, distribution, etc | Boca Raton : |
| Name of publisher, distributor, etc | CRC Press / Taylor & Francis Group, |
| Date of publication, distribution, etc | c.2014. |
| 300 ## - PHYSICAL DESCRIPTION | |
| Extent | xv, 515 p. : |
| Other physical details | ill. ; |
| Dimensions | 25 cm. |
| 500 ## - GENERAL NOTE | |
| General note | Preceded by: Psychology for nurses and allied health professionals / Richard Gross, Nancy Kinnison. London : Hodder Arnold, 2007. |
| 500 ## - GENERAL NOTE | |
| General note | Index : p. 497-515.<br/> |
| 500 ## - GENERAL NOTE | |
| General note | Glossary : p. 439-455. |
| 504 ## - BIBLIOGRAPHY, ETC. NOTE | |
| Bibliography, etc | Bibliography : p. 457-496.<br/> |
| 505 0# - FORMATTED CONTENTS NOTE | |
| Formatted contents note | What is psychology? -- Theoretical approaches -- Psychological aspects of illness -- Stress -- Effects and methods of coping -- Attitudes and attitude change -- Prejudice and discrimination -- Conformity -- Obedience -- Social cognition and health behavior -- Neuropsychological and genetic aspects of illness -- Substance use and abuse -- Death and dying -- Early experience and social development -- Cognitive development -- Self-concept -- Adolescence -- Adulthood -- Late adulthood. |
| 520 ## - SUMMARY, ETC. | |
| Summary, etc | "Psychology for Nurses and Allied Health Professionals is a practical and accessible guide providing comprehensive coverage of psychology for nurses and health care professionals in training and practice. Key features include: fully updated and restructured to ensure content matches training requirements for nurses and healthcare practitioners; stronger focus on the biopsychosocial model, therapeutic relationships and self-awareness; more practical examples to highlight application with theories demonstrated through scenarios relevant to all fields of practice; accessible style with case studies, reflection points, key points, summary boxes and glossary; free HodderPlus website with lecturer PowerPoints, extension material, MCQs and exercises. Written by the bestselling psychology author, Richard Gross, and Nancy Kinnison, a highly experienced nurse and lecturer, this is an essential guide to applying theoretical aspects of psychology to the practical aspects of nursing and health care"--Provided by publisher. |
| 650 #7 - SUBJECT ADDED ENTRY--TOPICAL TERM | |
| Topical term or geographic name as entry element | Nursing |
| General subdivision | Psychological aspects. |
| Source of heading or term | BUEsh |
| 9 (RLIN) | 37366 |
| 650 #7 - SUBJECT ADDED ENTRY--TOPICAL TERM | |
| Topical term or geographic name as entry element | Psychology. |
| Source of heading or term | BUEsh |
| 9 (RLIN) | 890 |
| 650 #0 - SUBJECT ADDED ENTRY--TOPICAL TERM | |
| Topical term or geographic name as entry element | Sick |
| General subdivision | Psychology. |
| Source of heading or term | BUEsh |
| 9 (RLIN) | 39130 |
| 651 ## - SUBJECT ADDED ENTRY--GEOGRAPHIC NAME | |
| Source of heading or term | BUEsh |
| 653 ## - INDEX TERM--UNCONTROLLED | |
| Resource For college | Nursing |
| Arrived date list | July2015 |
| -- | January2016 |
| 700 1# - ADDED ENTRY--PERSONAL NAME | |
| Personal name | Kinnison, Nancy. |
| 942 ## - ADDED ENTRY ELEMENTS (KOHA) | |
| Source of classification or shelving scheme | Dewey Decimal Classification |
| Withdrawn status | Lost status | Source of classification or shelving scheme | Damaged status | Not for loan | Koha collection | Home library | Current library | Shelving location | Date acquired | Source of acquisition | Cost, normal purchase price | Serial Enumeration / chronology | Total Checkouts | Total Renewals | Full call number | Barcode | Date last seen | Date last borrowed | Cost, replacement price | Koha item type |
|---|---|---|---|---|---|---|---|---|---|---|---|---|---|---|---|---|---|---|---|---|
| Dewey Decimal Classification | Baccah | Central Library | Central Library | First floor | 08/07/2015 | 293.00 | 21782 | 3 | 19 | 610.73 GRO | 000039376 | 15/07/2025 | 14/06/2017 | 366.00 | Book - Borrowing |